Estudio comparativo de cimientos laminares bajo carga axialsimétrica para torres de chimenea de 74,5M en Cuba

Presenta un estudio comparativo de cimientos laminares bajo carga axialsimétrica para torres de chimenea de 74,5M.

Enregistré dans:
Détails bibliographiques
Auteur principal: González Haramboure, Yoermes
Collectivité auteur: e-libro, Corp
Autres auteurs: Cobelo Cristiá, William Daniel (Directeur), Castañeda Hevia, Angel Emilio (Directeur)
Format: eBook
Langue:espagnol
Publié: La Habana : Instituto Superior Politécnico José Antonio Echeverría. CUJAE, 2010.
Sujets:
Accès en ligne:https://elibro.unach.elogim.com/es/lc/unach/titulos/85828
Tags: Ajouter un tag
Pas de tags, Soyez le premier à ajouter un tag!

MARC

LEADER 00000nam a2200000 a 4500
001 ELB85828
003 FlNmELB
006 m o d |
007 cr cn|||||||||
008 201201r2010 cu |||||s|||||||||||spa d
024 8 |z 71208045710 
035 |a (MiAaPQ)EBC3201843 
035 |a (Au-PeEL)EBL3201843 
035 |a (CaPaEBR)ebr10608814 
035 |a (OCoLC)929377273 
040 |a FlNmELB  |b spa  |c FlNmELB 
050 4 |a NA1  |b G6439 2010 
080 |a 72 
082 0 4 |a 720  |2 22 
100 1 |a González Haramboure, Yoermes. 
245 1 0 |a Estudio comparativo de cimientos laminares bajo carga axialsimétrica para torres de chimenea de 74,5M en Cuba  |h [recurso electronico]  |c Yoermes González Haramboure. 
260 |a La Habana :  |b Instituto Superior Politécnico José Antonio Echeverría. CUJAE,  |c 2010. 
300 |a 134 p. 
500 |a Tesis (maestría) - Instituto Superior Politécnico José Antonio Echeverría CUJAE. 
520 |a Presenta un estudio comparativo de cimientos laminares bajo carga axialsimétrica para torres de chimenea de 74,5M. 
533 |a Recurso electrónico. Santa Fe, Arg.: e-libro, 2015. Disponible vía World Wide Web. El acceso puede estar limitado para las bibliotecas afiliadas a e-libro. 
650 4 |a Technology.  |x Construction.  |x General. 
650 4 |a Tecnología.  |x Construcción.  |x General. 
655 4 |a Libros electrónicos. 
700 1 |a Cobelo Cristiá, William Daniel.  |4 drt 
700 1 |a Castañeda Hevia, Angel Emilio.  |4 drt 
710 2 |a e-libro, Corp. 
856 4 0 |u https://elibro.unach.elogim.com/es/lc/unach/titulos/85828